[Event "Montreal op"]
[Site "Montreal CAN"]
[Date "2017.09.10"]
[Round "4.8"]
[White "Bassel, Charaf"]
[Black "Tomb, Maroun"]
[Result "0-1"]
[WhiteElo "2087"]
[BlackElo "2226"]
[WhiteFideId "-1"]
[WhiteFideId "-1"]
[PlyCount "98"]
[GameId "2160767908338782"]
[EventDate "2017.09.08"]
[EventType "swiss"]
[EventRounds "5"]
[EventCountry "CAN"]
[SourceTitle "hb 2017"]

1. b3 d6 2. f4 e5 3. fxe5 dxe5 4. Bb2 Nc6 5. g3 Bc5 6. Bg2 Nf6 7. e3 Bg4 8. Ne2 h5 9. h3 Bf5 10. Nbc3 Qd7 11. Na4 Bd6 12. d3 O-O-O 13. Qd2 Bb4 14. Nec3 a6 15. a3 Be7 16. b4 e4 17. d4 Bd6 18. Ne2 b5 19. Nac3 g5 20. O-O-O Ne7 21. Qe1 Ned5 22. Qf2 a5 23. bxa5 Bg6 24. Bf1 Qc6 25. Nxd5 Nxd5 26. h4 f6 27. Kd2 Kb7 28. Nc3 b4 29. Nxd5 Qxd5 30. a4 Qa2 31. Kc1 Qxa4 32. a6+ Ka7 33. Bc4 Rhf8 34. Kd2 c5 35. Ra1 Qc6 36. Kc1 Qc7 37. Rb1 cxd4 38. Bxd4+ Bc5 39. Bxc5+ Qxc5 40. Bb3 Rd3 41. Kb2 Rxe3 42. Rhg1 gxh4 43. gxh4 f5 44. Rgd1 f4 45. Rd7+ Kxa6 46. Qg1 Bf5 47. Ra1+ Kb6 48. Rad1 Bxd7 49. Qg7 Qc3+ 0-1

[Event "Montreal op"]
[Site "Montreal CAN"]
[Date "2017.09.10"]
[Round "4.9"]
[White "Lopez Linares, Lizandro"]
[Black "Zheng, Richard"]
[Result "1-0"]
[WhiteElo "2199"]
[BlackElo "2053"]
[WhiteFideId "-1"]
[WhiteFideId "-1"]
[PlyCount "87"]
[GameId "2160767908338783"]
[EventDate "2017.09.08"]
[EventType "swiss"]
[EventRounds "5"]
[EventCountry "CAN"]
[SourceTitle "hb 2017"]

1. d4 d5 2. c4 e6 3. Nf3 f5 4. g3 Nf6 5. Bg2 c6 6. O-O Bd6 7. Nc3 O-O 8. Bf4 Ne4 9. Rc1 Bxf4 10. gxf4 Nd7 11. e3 Ndf6 12. Ne5 Nd6 13. c5 Nf7 14. b4 Nxe5 15. dxe5 Nd7 16. Ne2 a6 17. Nd4 Re8 18. a4 Nf8 19. Qb3 Bd7 20. Rc3 Qc7 21. Rb1 Reb8 22. b5 axb5 23. axb5 Kf7 24. f3 Ng6 25. Bf1 Ne7 26. Bd3 g5 27. b6 Qd8 28. fxg5 Qh8 29. f4 h5 30. h4 Ng6 31. Nf3 Ra5 32. Qd1 Be8 33. Be2 Ke7 34. Rcc1 Rba8 35. Kg2 Nf8 36. Ra1 Nd7 37. Rxa5 Rxa5 38. Ra1 Rxc5 39. Ra7 Bf7 40. Qa1 Rc2 41. Nd4 Rd2 42. Qa3+ c5 43. Rxb7 Qc8 44. Rc7 1-0

[Event "Montreal op"]
[Site "Montreal CAN"]
[Date "2017.09.10"]
[Round "4.11"]
[White "Marin, Sam"]
[Black "Luksza, Arkadiusz"]
[Result "1-0"]
[WhiteElo "2093"]
[BlackElo "2237"]
[WhiteFideId "-1"]
[WhiteFideId "-1"]
[PlyCount "71"]
[GameId "2160767908338784"]
[EventDate "2017.09.08"]
[EventType "swiss"]
[EventRounds "5"]
[EventCountry "CAN"]
[SourceTitle "hb 2017"]

1. c4 e6 2. Nc3 d5 3. d4 c6 4. Nf3 f5 5. Qc2 Nf6 6. Bf4 Be7 7. e3 O-O 8. Be2 Ne4 9. O-O Nd7 10. Ne5 Bf6 11. b4 g5 12. Nxd7 Qxd7 13. Nxe4 fxe4 14. Bg3 Qe7 15. Qb3 Kh8 16. Rac1 Bd7 17. a4 a6 18. b5 axb5 19. cxb5 e5 20. bxc6 bxc6 21. dxe5 Bxe5 22. Qb7 Bxg3 23. hxg3 Rfb8 24. Qc7 Rc8 25. Qb7 Rxa4 26. Bg4 Rd8 27. Rxc6 Rb4 28. Qa7 Qe8 29. Qa1+ Kg8 30. Bxd7 Rxd7 31. Qf6 Qd8 32. Qe6+ Kg7 33. Rfc1 Rb8 34. Qe5+ Kg8 35. Rf6 Rb6 36. Rxb6 1-0

[Event "Montreal op"]
[Site "Montreal CAN"]
[Date "2017.09.10"]
[Round "4.12"]
[White "Zhong, Kevin"]
[Black "Fillion, Steve"]
[Result "1/2-1/2"]
[WhiteElo "2003"]
[BlackElo "2125"]
[WhiteFideId "-1"]
[WhiteFideId "-1"]
[PlyCount "64"]
[GameId "2160767908338785"]
[EventDate "2017.09.08"]
[EventType "swiss"]
[EventRounds "5"]
[EventCountry "CAN"]
[SourceTitle "hb 2017"]

1. e4 c6 2. d4 d5 3. exd5 cxd5 4. c4 Nf6 5. Nc3 e6 6. Nf3 Bb4 7. cxd5 Nxd5 8. Bd2 O-O 9. Bd3 Nc6 10. O-O Be7 11. a3 Nf6 12. Bg5 Nd5 13. Bd2 Nf6 14. Bg5 b6 15. Re1 Bb7 16. Bc2 Rc8 17. Qd3 g6 18. Bh6 Re8 19. Rad1 Nd5 20. Ba4 Nxc3 21. bxc3 Qd5 22. c4 Qh5 23. Bf4 Red8 24. Bxc6 Bxc6 25. Re5 Qg4 26. Bg3 g5 27. h4 h6 28. hxg5 hxg5 29. Ree1 Bxf3 30. gxf3 Qh3 31. Be5 Qh7 32. Qb3 Qh3 1/2-1/2

[Event "Montreal op"]
[Site "Montreal CAN"]
[Date "2017.09.10"]
[Round "4.13"]
[White "Thomas, Kenneth"]
[Black "Libersan, Thierry"]
[Result "0-1"]
[WhiteElo "2038"]
[BlackElo "2116"]
[WhiteFideId "-1"]
[WhiteFideId "-1"]
[PlyCount "66"]
[GameId "2160767908338786"]
[EventDate "2017.09.08"]
[EventType "swiss"]
[EventRounds "5"]
[EventCountry "CAN"]
[SourceTitle "hb 2017"]

1. e4 c5 2. Nc3 Nc6 3. g3 g6 4. Bg2 Bg7 5. d3 e6 6. Be3 d6 7. Qd2 Rb8 8. Nge2 Nd4 9. f4 Ne7 10. O-O f5 11. Rae1 O-O 12. Bf2 Qd7 13. Nc1 b5 14. Nd1 b4 15. c3 bxc3 16. bxc3 Ndc6 17. h3 Ba6 18. exf5 gxf5 19. Be3 Kh8 20. Kh2 Nd5 21. Bg1 h6 22. Rf2 Rfe8 23. Rfe2 Bb7 24. Bxd5 exd5 25. Rxe8+ Rxe8 26. Rxe8+ Qxe8 27. d4 cxd4 28. cxd4 Ba6 29. Nc3 Bc4 30. g4 Qg6 31. Kg3 fxg4 32. hxg4 h5 33. Qh2 Qxg4+ 0-1

[Event "Montreal op"]
[Site "Montreal CAN"]
[Date "2017.09.10"]
[Round "4.14"]
[White "Saine, Zachary"]
[Black "Berube, Antoine"]
[Result "1-0"]
[WhiteElo "1966"]
[BlackElo "2259"]
[WhiteFideId "-1"]
[WhiteFideId "-1"]
[PlyCount "131"]
[GameId "2160767908338787"]
[EventDate "2017.09.08"]
[EventType "swiss"]
[EventRounds "5"]
[EventCountry "CAN"]
[SourceTitle "hb 2017"]

1. e4 c5 2. Nf3 d6 3. d4 cxd4 4. Nxd4 Nf6 5. Nc3 a6 6. f3 e5 7. Nb3 Be6 8. Be3 Be7 9. Qd2 O-O 10. O-O-O Nbd7 11. Be2 b5 12. g4 b4 13. Nd5 Bxd5 14. exd5 a5 15. Kb1 Nb6 16. Bxb6 Qxb6 17. h4 Rfc8 18. g5 Nh5 19. Bd3 a4 20. Nc1 a3 21. b3 g6 22. Be4 Bf8 23. Ne2 Rc7 24. c4 bxc3 25. Nxc3 Bg7 26. Ne2 Qf2 27. Rdf1 Qb6 28. Rc1 Rac8 29. Rxc7 Rxc7 30. Rc1 f5 31. gxf6 Bxf6 32. Rc6 Rxc6 33. dxc6 Be7 34. Qc1 Qc7 35. Qxa3 Nf6 36. Qa8+ Kg7 37. Qb7 Qxb7 38. cxb7 Nd7 39. a4 Bxh4 40. a5 Bf2 41. b4 h5 42. f4 h4 43. Kc2 Kf6 44. Kd3 h3 45. Kc4 Ke6 46. Bf3 d5+ 47. Kb5 Nb8 48. Bg4+ Kd6 49. Bxh3 exf4 50. Nxf4 g5 51. Nd3 Ba7 52. Nc5 d4 53. Ne4+ Kc7 54. a6 d3 55. Nxg5 d2 56. Bg4 Nd7 57. Ne4 Kb8 58. Nxd2 Ne5 59. Be6 Be3 60. Nb3 Bf2 61. Nc5 Bg1 62. Kb6 Bxc5+ 63. bxc5 Nd7+ 64. Kc6 Nf6 65. Bf5 Ne8 66. Kb6 1-0

[Event "Montreal op"]
[Site "Montreal CAN"]
[Date "2017.09.10"]
[Round "4.16"]
[White "Cazelais, Marc"]
[Black "Johnson-Constantin, Mathieu"]
[Result "1-0"]
[WhiteElo "2115"]
[BlackElo "2237"]
[WhiteFideId "-1"]
[WhiteFideId "-1"]
[PlyCount "49"]
[GameId "2160767908346981"]
[EventDate "2017.09.08"]
[EventType "swiss"]
[EventRounds "5"]
[EventCountry "CAN"]
[SourceTitle "hb 2017"]

1. e4 e6 2. d4 d5 3. Bd3 c5 4. exd5 exd5 5. Nf3 c4 6. Be2 Bd6 7. b3 cxb3 8. axb3 Qc7 9. O-O Ne7 10. c4 O-O 11. Nc3 Bd7 12. Re1 Bb4 13. Bd2 Bc6 14. Nb5 Bxb5 15. Bxb4 Bc6 16. Bd3 Re8 17. Bxh7+ Kh8 18. Ng5 g6 19. Nxf7+ Kxh7 20. Nd6 Rg8 21. Nb5 Bxb5 22. Rxe7+ Qxe7 23. Bxe7 dxc4 24. Qf3 Nd7 25. bxc4 1-0

[Event "Montreal op"]
[Site "Montreal CAN"]
[Date "2017.09.10"]
[Round "4.17"]
[White "Leger, Manon"]
[Black "Prahov, Valentin"]
[Result "0-1"]
[WhiteElo "1875"]
[BlackElo "2090"]
[WhiteFideId "-1"]
[WhiteFideId "-1"]
[PlyCount "84"]
[GameId "2160767908346982"]
[EventDate "2017.09.08"]
[EventType "swiss"]
[EventRounds "5"]
[EventCountry "CAN"]
[SourceTitle "hb 2017"]

1. e4 c5 2. Nf3 e6 3. d4 cxd4 4. Nxd4 Nf6 5. Nc3 Nc6 6. Ndb5 Bb4 7. Nd6+ Ke7 8. Nxc8+ Rxc8 9. Bd3 d5 10. exd5 Qxd5 11. O-O Bxc3 12. bxc3 Rhd8 13. Ba3+ Ke8 14. Qe2 Qa5 15. Bb2 Kf8 16. Rfe1 Qg5 17. Rab1 Kg8 18. Bc1 Qa5 19. Rxb7 Qxa2 20. Bc4 Qa4 21. Rxf7 Ne5 22. Bxe6 Nxf7 23. Bxc8 Rxc8 24. Be3 Rxc3 25. Bxa7 Rxc2 26. Qe7 Rc8 27. Be3 Re8 28. Qc5 Ng4 29. h3 Nxe3 30. Rxe3 Rxe3 31. Qxe3 Qa1+ 32. Kh2 Qe5+ 33. Qxe5 Nxe5 34. f4 Nd3 35. Kg3 Kf7 36. Kf3 Ke6 37. g4 Nc5 38. h4 g6 39. Ke3 Nd7 40. Ke4 Nf6+ 41. Kf3 h5 42. gxh5 gxh5 0-1

[Event "Montreal op"]
[Site "Montreal CAN"]
[Date "2017.09.10"]
[Round "4.18"]
[White "Chang, Alexander"]
[Black "Malek, Omid"]
[Result "1/2-1/2"]
[WhiteElo "1829"]
[BlackElo "2089"]
[WhiteFideId "-1"]
[WhiteFideId "-1"]
[PlyCount "78"]
[GameId "2160767908346983"]
[EventDate "2017.09.08"]
[EventType "swiss"]
[EventRounds "5"]
[EventCountry "CAN"]
[SourceTitle "hb 2017"]

1. e4 e6 2. d4 d5 3. exd5 exd5 4. Bd3 c5 5. c3 Nf6 6. Bg5 Nc6 7. Nf3 Qe7+ 8. Qe2 Qxe2+ 9. Bxe2 Ne4 10. Bf4 cxd4 11. Nxd4 Bc5 12. Be3 Nxd4 13. Bxd4 Bxd4 14. cxd4 O-O 15. O-O Re8 16. Bf3 Bf5 17. Re1 Ng5 18. Nd2 Nxf3+ 19. Nxf3 Rxe1+ 20. Rxe1 Rc8 21. h3 Kf8 22. Re2 f6 23. Kh2 Kf7 24. g4 Bb1 25. a3 Bd3 26. Rd2 Be4 27. Ng1 Ke6 28. f3 Bg6 29. Ne2 Kd6 30. Nc3 Be8 31. Kg3 b5 32. Kf4 a5 33. Rc2 Rc7 34. Rc1 Bd7 35. Ne2 g5+ 36. Ke3 Rb7 37. Rc5 Bc6 38. b4 a4 39. Nc3 Re7+ 1/2-1/2

[Event "Montreal op"]
[Site "Montreal CAN"]
[Date "2017.09.10"]
[Round "5.5"]
[White "Nicula, Marius"]
[Black "Leveille, Francois"]
[Result "1-0"]
[WhiteElo "2175"]
[BlackElo "2307"]
[WhiteFideId "-1"]
[WhiteFideId "-1"]
[PlyCount "103"]
[GameId "2160767908346990"]
[EventDate "2017.09.08"]
[EventType "swiss"]
[EventRounds "5"]
[EventCountry "CAN"]
[SourceTitle "hb 2017"]

1. d4 Nf6 2. g3 g6 3. Bg2 Bg7 4. e4 d6 5. Ne2 Nbd7 6. O-O e5 7. h3 O-O 8. c4 exd4 9. Nxd4 Re8 10. Nc3 a6 11. Be3 Rb8 12. a4 a5 13. Ndb5 b6 14. Qc2 Nc5 15. Rad1 Bb7 16. f3 Ne6 17. Bf2 Nh5 18. Kh2 Rc8 19. Be3 Nxg3 20. Kxg3 Be5+ 21. Kf2 Qh4+ 22. Kg1 Qg3 23. Ne2 Qh2+ 24. Kf2 Bf6 25. Rh1 Bh4+ 26. Kf1 Qe5 27. Qc3 Qh5 28. Bf2 f5 29. Bxh4 Qxh4 30. Qe1 Qh5 31. Ng3 Qh4 32. Nc3 Ng5 33. Kg1 Qf4 34. Qf2 fxe4 35. Ngxe4 Rf8 36. Nxg5 Qxg5 37. h4 Qh5 38. Rh3 Rf7 39. Nd5 Qf5 40. Rg3 Re8 41. Re1 Rxe1+ 42. Qxe1 Bxd5 43. Bh3 Qf4 44. cxd5 Kf8 45. Be6 Rf6 46. Kg2 Qc4 47. Qd2 Kg7 48. Rg4 Qa6 49. Re4 h6 50. Qc3 g5 51. Qxc7+ Kg6 52. h5+ 1-0

[Event "Montreal op"]
[Site "Montreal CAN"]
[Date "2017.09.10"]
[Round "5.6"]
[White "Libersan, Thierry"]
[Black "Huang, Qiuyu"]
[Result "1-0"]
[WhiteElo "2116"]
[BlackElo "2285"]
[WhiteFideId "-1"]
[WhiteFideId "-1"]
[PlyCount "87"]
[GameId "2160767908346991"]
[EventDate "2017.09.08"]
[EventType "swiss"]
[EventRounds "5"]
[EventCountry "CAN"]
[SourceTitle "hb 2017"]

1. c4 e6 2. g3 d5 3. Bg2 Nf6 4. Nf3 Be7 5. O-O O-O 6. cxd5 exd5 7. d4 b6 8. Nc3 Bb7 9. Bf4 Na6 10. Rc1 c5 11. Qc2 Qd7 12. Rfd1 Rfd8 13. Qb1 h6 14. h3 Rac8 15. g4 Nc7 16. Be5 Nh7 17. e4 dxe4 18. Nxe4 Nd5 19. dxc5 bxc5 20. Bg3 Nhf6 21. Ne5 Qb5 22. Bf1 Qa4 23. Nxf6+ Bxf6 24. b3 Qe8 25. Re1 Qf8 26. Bb5 Nb6 27. a4 a6 28. Bd3 g6 29. a5 Nd5 30. Bc4 Qg7 31. Qe4 Rc7 32. Rcd1 Nb4 33. Rxd8+ Bxd8 34. Qxg6 Qxg6 35. Nxg6 Rd7 36. Ne5 Re7 37. Rd1 Bxa5 38. Nxf7 Kg7 39. Nd6 Kh7 40. Nf5 Bf3 41. Ra1 Nc2 42. Nxe7 Nxa1 43. Be5 h5 44. g5 1-0

[Event "Montreal op"]
[Site "Montreal CAN"]
[Date "2017.09.10"]
[Round "5.7"]
[White "Turcotte, Jonathan"]
[Black "Lopez Linares, Lizandro"]
[Result "1-0"]
[WhiteElo "2054"]
[BlackElo "2199"]
[WhiteFideId "-1"]
[WhiteFideId "-1"]
[PlyCount "47"]
[GameId "2160767908346992"]
[EventDate "2017.09.08"]
[EventType "swiss"]
[EventRounds "5"]
[EventCountry "CAN"]
[SourceTitle "hb 2017"]

1. d4 d5 2. c4 e6 3. Nf3 Nf6 4. Nc3 Be7 5. Bg5 O-O 6. e3 h6 7. Bh4 Ne4 8. Bxe7 Qxe7 9. Rc1 Nxc3 10. Rxc3 c6 11. Bd3 Nd7 12. O-O dxc4 13. Bxc4 e5 14. Bb3 exd4 15. exd4 Qd6 16. Re1 Nf6 17. Ne5 Nd5 18. Rg3 Be6 19. a3 Rad8 20. Qd2 Kh8 21. Re4 Nf6 22. Rh4 Ng8 23. Qg5 g6 24. Nxg6+ 1-0

[Event "Montreal op"]
[Site "Montreal CAN"]
[Date "2017.09.10"]
[Round "5.8"]
[White "Ouellet, Maili-Jade"]
[Black "Marin, Sam"]
[Result "1-0"]
[WhiteElo "2212"]
[BlackElo "2093"]
[WhiteFideId "-1"]
[WhiteFideId "-1"]
[PlyCount "81"]
[GameId "2160767908346993"]
[EventDate "2017.09.08"]
[EventType "swiss"]
[EventRounds "5"]
[EventCountry "CAN"]
[SourceTitle "hb 2017"]

1. d4 Nf6 2. c4 e6 3. Nc3 Bb4 4. Qc2 c5 5. dxc5 O-O 6. Bg5 Nc6 7. Nf3 Bxc5 8. e4 Be7 9. Be2 a6 10. O-O d6 11. Rfd1 Bd7 12. Qd2 Qa5 13. e5 Nxe5 14. Nd5 Nxf3+ 15. Bxf3 Qd8 16. Nxe7+ Qxe7 17. Qxd6 Qxd6 18. Rxd6 Bc6 19. Bxc6 bxc6 20. Rxc6 Rfc8 21. Rxc8+ Rxc8 22. Rd1 h6 23. Bxf6 gxf6 24. b3 Rc5 25. Rd6 a5 26. Kf1 Re5 27. Rb6 a4 28. b4 Re4 29. Rc6 Rd4 30. Ke2 Kf8 31. b5 Ke7 32. b6 Rd7 33. c5 Rb7 34. Rd6 Rb8 35. Kd3 a3 36. Kc4 e5 37. Kb5 f5 38. Kc6 Rc8+ 39. Kd5 e4 40. b7 Rb8 41. c6 1-0

[Event "Montreal op"]
[Site "Montreal CAN"]
[Date "2017.09.10"]
[Round "5.9"]
[White "Durette, Francis"]
[Black "Bassel, Charaf"]
[Result "1/2-1/2"]
[WhiteElo "2131"]
[BlackElo "2087"]
[WhiteFideId "-1"]
[WhiteFideId "-1"]
[PlyCount "158"]
[GameId "2160767908346994"]
[EventDate "2017.09.08"]
[EventType "swiss"]
[EventRounds "5"]
[EventCountry "CAN"]
[SourceTitle "hb 2017"]

1. c4 Nf6 2. Nc3 g6 3. g3 d5 4. cxd5 Nxd5 5. Bg2 Nxc3 6. bxc3 c5 7. Qa4+ Nd7 8. Rb1 Qc7 9. Nh3 Bg7 10. Nf4 e6 11. h4 O-O 12. h5 a6 13. hxg6 hxg6 14. Ba3 Rb8 15. Nh3 Bf6 16. Qg4 Rd8 17. Ng5 Qe5 18. Ne4 Be7 19. Qh3 Qg7 20. f4 f5 21. Nf2 Kf7 22. Qh7 b5 23. Nd3 Bb7 24. Bxb7 Rxb7 25. Kf2 Rbb8 26. c4 b4 27. Bb2 Bf6 28. Bxf6 Kxf6 29. g4 Rh8 30. g5+ Kf7 31. Qxg7+ Kxg7 32. Kg2 a5 33. Rhf1 a4 34. Rf3 Kf7 35. Re3 Ke7 36. Ne5 Nxe5 37. Rxe5 Kd6 38. e4 fxe4 39. Rxe4 b3 40. axb3 axb3 41. Re3 b2 42. Ra3 Rb6 43. Ra2 Rhb8 44. Kf3 e5 45. Ke4 exf4 46. Kxf4 Rb4 47. Ra6+ R8b6 48. Rxb6+ Rxb6 49. Ke4 Rb4 50. d3 Kc6 51. Kf4 Kd6 52. Ke4 Rb8 53. Kf4 Rf8+ 54. Ke4 Rf2 55. Ke3 Rc2 56. d4 Rg2 57. Kf3 Rc2 58. Ke3 Rg2 59. Kf3 Rxg5 60. dxc5+ Kxc5 61. Rxb2 Kxc4 62. Rd2 Rg1 63. Kf2 Rg5 64. Kf3 Rd5 65. Rxd5 Kxd5 66. Kg4 Ke6 67. Kg5 Kf7 68. Kg4 Kf6 69. Kf4 g5+ 70. Kg4 Kg6 71. Kg3 Kf6 72. Kg4 Kg6 73. Kg3 Kf5 74. Kf3 g4+ 75. Kg3 Kg5 76. Kg2 Kf4 77. Kf2 Kf5 78. Kg3 Kg5 79. Kg2 Kf4 1/2-1/2

[Event "Montreal op"]
[Site "Montreal CAN"]
[Date "2017.09.10"]
[Round "5.10"]
[White "Fillion, Steve"]
[Black "Saine, Zachary"]
[Result "1-0"]
[WhiteElo "2125"]
[BlackElo "1966"]
[WhiteFideId "-1"]
[WhiteFideId "-1"]
[PlyCount "63"]
[GameId "2160767908346995"]
[EventDate "2017.09.08"]
[EventType "swiss"]
[EventRounds "5"]
[EventCountry "CAN"]
[SourceTitle "hb 2017"]

1. e4 e5 2. Nf3 Nc6 3. Bb5 Nf6 4. Qe2 a6 5. Ba4 b5 6. Bb3 Be7 7. a4 b4 8. d4 d6 9. Qc4 Qd7 10. Qxf7+ Kd8 11. Qxg7 Rf8 12. dxe5 dxe5 13. Bg5 Qg4 14. Nbd2 Bd7 15. O-O-O Kc8 16. h3 Qh5 17. Bxf6 Rxf6 18. Bd5 Bd8 19. Nc4 Rg6 20. Qf8 Rf6 21. Qc5 Be7 22. Qe3 Bd6 23. g4 Qe8 24. g5 Rf4 25. Nxd6+ cxd6 26. Nd2 Rb8 27. Nc4 Kc7 28. Nxd6 Qf8 29. Bxc6 Bxc6 30. Qa7+ Bb7 31. Qc5+ Bc6 32. Qxe5 1-0

[Event "Montreal op"]
[Site "Montreal CAN"]
[Date "2017.09.10"]
[Round "5.11"]
[White "Saha, Ananda"]
[Black "Zhong, Kevin"]
[Result "1-0"]
[WhiteElo "2117"]
[BlackElo "2003"]
[WhiteFideId "-1"]
[WhiteFideId "-1"]
[PlyCount "87"]
[GameId "2160767908346996"]
[EventDate "2017.09.08"]
[EventType "swiss"]
[EventRounds "5"]
[EventCountry "CAN"]
[SourceTitle "hb 2017"]

1. Nf3 d5 2. g3 c5 3. Bg2 Nc6 4. d3 e5 5. O-O f6 6. c4 d4 7. e3 Bg4 8. exd4 cxd4 9. a3 a5 10. Nbd2 Nh6 11. h3 Be6 12. Ne1 Nf5 13. Ne4 Bd6 14. Rb1 O-O 15. Nxd6 Qxd6 16. Nc2 Rfb8 17. b4 axb4 18. Nxb4 Nxb4 19. Rxb4 Ra7 20. Qb3 b6 21. Bd2 Ra6 22. Rb1 Qc5 23. Ra4 Rxa4 24. Qxa4 Qc7 25. Qb4 Ne7 26. a4 Nc6 27. Qb2 Kf7 28. Kh2 Bd7 29. Bd5+ Be6 30. Qb5 Bxd5 31. cxd5 Na7 32. Qb3 Qd6 33. a5 b5 34. Bb4 Qd7 35. Rc1 Rc8 36. Rxc8 Qxc8 37. d6+ Qe6 38. Qc2 Qd7 39. a6 Nc8 40. Bc5 Kg6 41. Qa2 Na7 42. Bxa7 Qxa7 43. d7 Qxd7 44. a7 1-0

[Event "Montreal op"]
[Site "Montreal CAN"]
[Date "2017.09.10"]
[Round "5.12"]
[White "Zheng, Richard"]
[Black "Cazelais, Marc"]
[Result "1-0"]
[WhiteElo "2053"]
[BlackElo "2115"]
[WhiteFideId "-1"]
[WhiteFideId "-1"]
[PlyCount "119"]
[GameId "2160767908346997"]
[EventDate "2017.09.08"]
[EventType "swiss"]
[EventRounds "5"]
[EventCountry "CAN"]
[SourceTitle "hb 2017"]

1. e4 g6 2. f4 Bg7 3. Nf3 c6 4. d4 d5 5. e5 Bg4 6. Bd3 h5 7. h3 Bxf3 8. Qxf3 e6 9. b3 h4 10. Nd2 Nh6 11. Qf2 Nf5 12. Bxf5 gxf5 13. a4 Qa5 14. Bb2 Bf8 15. O-O Nd7 16. Rfb1 O-O-O 17. Nf3 Be7 18. Bc1 Rdg8 19. Bd2 Qd8 20. c4 Rg6 21. c5 Rhg8 22. Ne1 R8g7 23. b4 Qg8 24. b5 Rg3 25. Kf1 b6 26. Be3 bxc5 27. dxc5 Rxe3 28. Qxe3 Bxc5 29. Qc3 Rg3 30. Qc2 Qf8 31. Rc1 cxb5 32. Nd3 Rxd3 33. Qxd3 Qh6 34. Qd2 Kd8 35. axb5 Bb6 36. Ra2 Nc5 37. Rxc5 Bxc5 38. Rc2 Bb6 39. Qc1 Ke8 40. Rc8+ Ke7 41. Ra8 f6 42. Qa3+ Kf7 43. Rxa7+ Kg6 44. Ra4 fxe5 45. Qc1 e4 46. Ra6 e3 47. Rxb6 Qxf4+ 48. Kg1 Qf2+ 49. Kh1 e2 50. Rxe6+ Kf7 51. Rxe2 Qxe2 52. Qc7+ Ke6 53. b6 Qf1+ 54. Kh2 f4 55. b7 Qf2 56. Qc3 d4 57. Qb3+ Kf5 58. b8=Q Qg3+ 59. Qxg3 fxg3+ 60. Kg1 1-0

[Event "Montreal op"]
[Site "Montreal CAN"]
[Date "2017.09.10"]
[Round "5.13"]
[White "Prahov, Valentin"]
[Black "Nunez, Omar"]
[Result "1/2-1/2"]
[WhiteElo "2090"]
[BlackElo "1866"]
[WhiteFideId "-1"]
[WhiteFideId "-1"]
[PlyCount "32"]
[GameId "2160767908346998"]
[EventDate "2017.09.08"]
[EventType "swiss"]
[EventRounds "5"]
[EventCountry "CAN"]
[SourceTitle "hb 2017"]

1. e4 d5 2. exd5 Qxd5 3. Nc3 Qa5 4. d4 Nf6 5. Nf3 Nc6 6. Bb5 Bd7 7. O-O O-O-O 8. Be3 a6 9. Be2 e5 10. a3 exd4 11. Nxd4 Bd6 12. Bf3 h5 13. Nce2 Ne5 14. b4 Nxf3+ 15. Nxf3 Qd5 16. Qxd5 Nxd5 1/2-1/2

[Event "Montreal op"]
[Site "Montreal CAN"]
[Date "2017.09.10"]
[Round "5.14"]
[White "Luksza, Arkadiusz"]
[Black "Bouton, Christophe"]
[Result "1/2-1/2"]
[WhiteElo "2237"]
[BlackElo "2085"]
[WhiteFideId "-1"]
[WhiteFideId "-1"]
[PlyCount "119"]
[GameId "2160767908346999"]
[EventDate "2017.09.08"]
[EventType "swiss"]
[EventRounds "5"]
[EventCountry "CAN"]
[SourceTitle "hb 2017"]

1. Nf3 Nf6 2. g3 g6 3. Bg2 Bg7 4. c4 O-O 5. O-O d5 6. cxd5 Nxd5 7. d4 Nc6 8. e4 Nb6 9. d5 Na5 10. Qe1 Nac4 11. Nc3 c6 12. b3 Ne5 13. Nxe5 Bxe5 14. Ba3 Re8 15. Rd1 Bd7 16. f4 Bg7 17. dxc6 bxc6 18. e5 Qc8 19. Bc5 Bg4 20. Rc1 f6 21. Bxb6 axb6 22. Na4 Qd8 23. Bxc6 Qd4+ 24. Qf2 fxe5 25. h3 Bxh3 26. Rfd1 Qxf2+ 27. Kxf2 b5 28. Bxe8 Rxe8 29. Nc3 exf4 30. gxf4 Bg4 31. Re1 h5 32. Nxb5 Rf8 33. Kg3 Bf6 34. a4 Rd8 35. Re3 Rd2 36. Rce1 Kf7 37. Nc3 Bd7 38. R1e2 Bxc3 39. Rxd2 Bxd2 40. Rd3 Be1+ 41. Kh2 Bf5 42. Rd4 Bf2 43. Rd8 h4 44. a5 Bg3+ 45. Kg2 Bxf4 46. a6 Be3 47. Kf3 Bg1 48. Kg2 Bc5 49. b4 Bxb4 50. a7 Be4+ 51. Kh3 Bc5 52. a8=Q Bxa8 53. Rxa8 Bf2 54. Kg4 Bg3 55. Ra6 Be5 56. Kxh4 Bf6+ 57. Kg4 Ke8 58. Ra7 Kf7 59. Ra6 Ke8 60. Ra7 1/2-1/2

[Event "Montreal op"]
[Site "Montreal CAN"]
[Date "2017.09.10"]
[Round "5.15"]
[White "Tanaka, Tyler"]
[Black "Chang, Alexander"]
[Result "1-0"]
[WhiteElo "2057"]
[BlackElo "1829"]
[WhiteFideId "-1"]
[WhiteFideId "-1"]
[PlyCount "61"]
[GameId "2160767908347000"]
[EventDate "2017.09.08"]
[EventType "swiss"]
[EventRounds "5"]
[EventCountry "CAN"]
[SourceTitle "hb 2017"]

1. e4 e5 2. Nf3 Nc6 3. Bb5 a6 4. Ba4 Nf6 5. O-O b5 6. Bb3 Be7 7. Re1 d6 8. c3 Na5 9. Bc2 c5 10. d4 cxd4 11. cxd4 Nc6 12. a4 Bb7 13. Nc3 b4 14. Ne2 a5 15. b3 O-O 16. Bb2 Qc7 17. Rc1 Rfd8 18. Bb1 Qb8 19. Ng3 Ra6 20. Qe2 exd4 21. Nxd4 Nxd4 22. Bxd4 Rc6 23. Nf5 Qc7 24. Rxc6 Bxc6 25. Rc1 Bf8 26. Bxf6 gxf6 27. Nd4 Qb6 28. Nxc6 Re8 29. Qb5 Qxb5 30. axb5 Ra8 31. b6 1-0

[Event "Montreal op"]
[Site "Montreal CAN"]
[Date "2017.09.10"]
[Round "5.16"]
[White "Johnson-Constantin, Mathieu"]
[Black "Leger, Manon"]
[Result "0-1"]
[WhiteElo "2237"]
[BlackElo "1875"]
[WhiteFideId "-1"]
[WhiteFideId "-1"]
[PlyCount "58"]
[GameId "2160767908347001"]
[EventDate "2017.09.08"]
[EventType "swiss"]
[EventRounds "5"]
[EventCountry "CAN"]
[SourceTitle "hb 2017"]

1. e4 e5 2. Nf3 Nf6 3. d3 Nc6 4. h3 d5 5. exd5 Nxd5 6. Bg5 Be7 7. Qd2 f6 8. Bh4 O-O 9. Be2 Nf4 10. O-O Nxe2+ 11. Qxe2 Nd4 12. Nxd4 Qxd4 13. Qe4 Qxb2 14. Qc4+ Kh8 15. Nc3 c6 16. Rab1 Qxc2 17. f4 Qd2 18. Ne4 Qe3+ 19. Bf2 Qxf4 20. Bc5 Be6 21. Qxe6 Bxc5+ 22. Kh1 Qe3 23. Rf3 Qd4 24. Nxc5 Qxc5 25. Rxb7 Rab8 26. Rc7 Rb1+ 27. Kh2 Qg1+ 28. Kg3 Rb2 29. Kh4 Rxg2 0-1

[Event "Montreal zt w"]
[Site "Montreal CAN"]
[Date "2017.12.26"]
[Round "1"]
[White "Matras-Clement, Agnieszka"]
[Black "Demchenko, Svitlana"]
[Result "1/2-1/2"]
[WhiteElo "2260"]
[BlackElo "2081"]
[WhiteFideId "-1"]
[WhiteFideId "-1"]
[PlyCount "75"]
[GameId "2160767908292090"]
[EventDate "2017.12.26"]
[EventType "tourn"]
[EventRounds "9"]
[EventCountry "CAN"]
[SourceTitle "CBM 182 Extra"]
[Source "ChessBase"]
[SourceDate "2018.02.23"]
[SourceVersion "1"]
[SourceVersionDate "2018.02.23"]
[SourceQuality "1"]

1. e4 g6 2. d4 Bg7 3. Nc3 d6 4. Be3 a6 5. Qd2 Nd7 6. f3 b5 7. O-O-O Bb7 8. h4 h6 9. Kb1 Rc8 10. Nge2 c5 11. dxc5 Nxc5 12. Bd4 Nf6 13. Nd5 e5 14. Nxf6+ Bxf6 15. Be3 Bxh4 16. g3 Be7 17. Bh3 Rc7 18. Nc3 b4 19. Nd5 Bxd5 20. Qxd5 Qb8 21. f4 Qb7 22. fxe5 Nxe4 23. exd6 Nxd6 24. Bf4 Qxd5 25. Rxd5 Rc6 26. Rhd1 Nf5 27. g4 Ng7 28. g5 Ne6 29. Be5 Rh7 30. Bf6 hxg5 31. Bxe6 fxe6 32. Rd7 Rc5 33. Ra7 Rd5 34. Re1 Rd7 35. Ra8+ Rd8 36. Ra7 Rd7 37. Ra8+ Rd8 38. Ra7 1/2-1/2